MARC

LEADER 00000nam0a2200000 4500
001 250735
005 20231101232606.0
010 |a 5229003154 
035 |a (RuTPU)RU\TPU\book\272958 
090 |a 250735 
100 |a 20140217d1989 k y0rusy50 ca 
101 0 |a rus 
102 |a RU 
105 |a a z 001zy 
200 1 |a Кислородные зонды в сталеплавильном производстве  |f В. П. Лузгин [и др.] 
210 |a Москва  |c Металлургия  |d 1989 
215 |a 144 с.  |c ил. 
225 1 |a Проблемы сталеплавильного производства 
320 |a Библиогр.: с. 140-144. 
606 1 |a Сталь  |x Металлургия  |2 stltpush  |3 (RuTPU)RU\TPU\subj\56287  |9 74200 
610 1 |a сталеплавильное производство 
610 1 |a сталеплавильные процессы 
610 1 |a кислородные зонды 
610 1 |a применение 
610 1 |a жидкая сталь 
610 1 |a окисленность 
610 1 |a измерение 
610 1 |a раскисление 
675 |a 669.18.02/.09  |v 3 
701 1 |a Лузгин  |b В. П.  |g Валентин Павлович 
701 1 |a Зинковский  |b И. В.  |g Иван Васильевич 
701 1 |a Покидышев  |b В. В.  |g Валентин Васильевич 
701 1 |a Иванов  |b А. А.  |g Алексей Анатольеич 
801 1 |a RU  |b 63413507  |c 20140217 
801 2 |a RU  |b 63413507  |c 20140225  |g RCR 
942 |c BK